Determiants of delayed inititation of breastfeeding in Egypt / (Record no. 179533)
[ view plain ]
| 000 -LEADER | |
|---|---|
| fixed length control field | 05770namaa22004451i 4500 |
| 003 - CONTROL NUMBER IDENTIFIER | |
| control field | EG-GICUC |
| 005 - أخر تعامل مع التسجيلة | |
| control field | 20260416153646.0 |
| 008 - FIXED-LENGTH DATA ELEMENTS--GENERAL INFORMATION | |
| fixed length control field | 260416s2025 ua a|||frm||| 000 0 eng d |
| 040 ## - CATALOGING SOURCE | |
| Original cataloguing agency | EG-GICUC |
| Language of cataloging | eng |
| Transcribing agency | EG-GICUC |
| Modifying agency | EG-GICUC |
| Description conventions | rda |
| 041 0# - LANGUAGE CODE | |
| Language code of text/sound track or separate title | eng |
| Language code of summary or abstract | eng |
| -- | ara |
| 049 ## - Acquisition Source | |
| Acquisition Source | Deposit |
| 082 04 - DEWEY DECIMAL CLASSIFICATION NUMBER | |
| Classification number | 301.32 |
| 092 ## - LOCALLY ASSIGNED DEWEY CALL NUMBER (OCLC) | |
| Classification number | 301.32 |
| Edition number | 21 |
| 097 ## - Degree | |
| Degree | M.Sc |
| 099 ## - LOCAL FREE-TEXT CALL NUMBER (OCLC) | |
| Local Call Number | Cai01.18.01.M.Sc.2025.Ma.D |
| 100 0# - MAIN ENTRY--PERSONAL NAME | |
| Authority record control number or standard number | Manar Soliman Abdel Maged, |
| Preparation | preparation. |
| 245 10 - TITLE STATEMENT | |
| Title | Determiants of delayed inititation of breastfeeding in Egypt / |
| Statement of responsibility, etc. | by Manar Soliman Abdel Maged ; Supervision Prof. Farouk ShoiEb, Prof. Elsayed Khater, Dr Noura Anwar Abdel-Fattah. |
| 246 15 - VARYING FORM OF TITLE | |
| Title proper/short title | محددات التأخر في بدء الرضاعة الطبيعية في مصر |
| 264 #0 - PRODUCTION, PUBLICATION, DISTRIBUTION, MANUFACTURE, AND COPYRIGHT NOTICE | |
| Date of production, publication, distribution, manufacture, or copyright notice | 2025. |
| 300 ## - PHYSICAL DESCRIPTION | |
| Extent | 112 Leaves : |
| Other physical details | illustrations ; |
| Dimensions | 30 cm. + |
| Accompanying material | CD. |
| 336 ## - CONTENT TYPE | |
| Content type term | text |
| Source | rda content |
| 337 ## - MEDIA TYPE | |
| Media type term | Unmediated |
| Source | rdamedia |
| 338 ## - CARRIER TYPE | |
| Carrier type term | volume |
| Source | rdacarrier |
| 502 ## - DISSERTATION NOTE | |
| Dissertation note | Thesis (M.Sc)-Cairo University, 2025. |
| 504 ## - BIBLIOGRAPHY, ETC. NOTE | |
| Bibliography, etc. note | Bibliography: pages 102-109. |
| 520 #3 - SUMMARY, ETC. | |
| Summary, etc. | Early initiation of breastfeeding, preferably within the first hour after birth, is <br/>critical for newborn health, yet only 27% of infants in Egypt meet this criterion, <br/>according to the 2014 Demographic and Health Survey. This study investigates the <br/>factors contributing to delayed breastfeeding initiation and examines community-level <br/>variations across Egypt. Using data from 5,988 ever-married women aged 15-49 years <br/>across 50 strata, bivariate and multivariate single-level and multilevel analyses were <br/>applied to explore individual, service-related, and community-level determinants. <br/>Logistic regression results revealed that prelacteal feeding, Caesarean delivery, and <br/>delivery in private health facilities were among the key predictors of delayed initiation, <br/>increasing the likelihood by 76%, 70%, and 69%, respectively. On the other side, <br/>prenatal care taking place in the second trimester, immediate maternal checkup within <br/>one hour after birth, living in a middle-income household, and residing in Lower Egypt <br/>and urban Upper Egypt were associated with a lower likelihood of delay. The study <br/>emphasizes the importance of addressing individual and service barriers to promoting <br/>timely breastfeeding. Policy recommendations include expanding the 1,000 Golden <br/>Days program, strengthening culturally sensitive awareness campaigns, regulating <br/>Caesarean delivery practices, and enhancing healthcare provider training, particularly <br/>in underserved areas. These findings provide vital guidance for improving maternal <br/>and child health outcomes in Egypt. |
| 520 #3 - SUMMARY, ETC. | |
| Summary, etc. | إن البدء المبكر في الرضاعة الطبيعية، ويفضل أن يكون ذلك خلال الساعة الأولى بعد الولادة، أمر بالغ الأهمية لصحة حديثي الولادة، ومع ذلك فإن 27٪ فقط من الرضع في مصر يستوفون هذا المعيار، وفقًا للمسح السكاني الصحي لعام 2014. تبحث هذه الدراسة في العوامل التي تساهم في تأخير بدء الرضاعة الطبيعية وتفحص الاختلافات على مستوى المجتمع في جميع أنحاء مصر. باستخدام بيانات من 5988 امرأة قد سبق لها الزواج عبر 50 طبقة، طبق التحليل تحليلًا ثنائي المتغيرات ومتعدد المتغيرات لاستكشاف المحددات الفردية والمتعلقة بالخدمة ومستوى المجتمع. كشفت نتائج الانحدار اللوجستي أن التغذية قبل الرضاعة والولادة القيصرية والولادة في المرافق الصحية الخاصة كانت من بين أقوى العوامل التي تنبئ بتأخير البدء، مما زاد من الاحتمالية بنسبة 76٪ و70٪ و69٪ على التوالي. من ناحية أخرى، ارتبط الفحص قبل الولادة في الثلث الثاني من الحمل والفحص الفوري للأم في غضون ساعة واحدة بعد الولادة والعيش في أسر في مستوى ثروة متوسطة والإقامة في الوجه البحري والحضري في مصر العليا بانخفاض احتمالية التأخير. تؤكد الدراسة على أهمية معالجة العوائق الفردية والخدمية لتعزيز الرضاعة الطبيعية في الوقت المناسب. وتشمل توصيات السياسات توسيع برنامج الألف يوم الذهبية، وتعزيز حملات التوعية المراعية للثقافات، وتنظيم ممارسات الولادة القيصرية، وتعزيز تدريب مقدمي الرعاية الصحية، لا سيما في المناطق المحرومة. وتقدم هذه النتائج إرشادات حيوية لتحسين نتائج صحة الأم والطفل في مصر. |
| 530 ## - ADDITIONAL PHYSICAL FORM AVAILABLE NOTE | |
| Issues CD | Issues also as CD. |
| 546 ## - LANGUAGE NOTE | |
| Text Language | Text in English and abstract in Arabic & English. |
| 650 #0 - SUBJECT ADDED ENTRY--TOPICAL TERM | |
| Topical term or geographic name entry element | Demography |
| 650 #0 - SUBJECT ADDED ENTRY--TOPICAL TERM | |
| Topical term or geographic name entry element | الإحصاء السكاني |
| 653 #1 - INDEX TERM--UNCONTROLLED | |
| Uncontrolled term | Breastfeeding |
| -- | Determinants |
| -- | Caesarean |
| -- | Prelacteal feeding |
| -- | Newborn |
| -- | رضاعة طبيعية |
| -- | محددات |
| 700 0# - ADDED ENTRY--PERSONAL NAME | |
| Personal name | Farouk ShoiEb |
| Relator term | thesis advisor. |
| 700 0# - ADDED ENTRY--PERSONAL NAME | |
| Personal name | Elsayed Khater |
| Relator term | thesis advisor. |
| 700 0# - ADDED ENTRY--PERSONAL NAME | |
| Personal name | Noura Anwar Abdel-Fattah |
| Relator term | thesis advisor. |
| 900 ## - Thesis Information | |
| Grant date | 01-01-2025 |
| Supervisory body | Farouk ShoiEb |
| -- | Elsayed Khater |
| -- | Noura Anwar Abdel-Fattah |
| Universities | Cairo University |
| Faculties | Faculty of Graduate Studies for Statistical Research |
| Department | Department of Biostatistics and Demography |
| 905 ## - Cataloger and Reviser Names | |
| Cataloger Name | Shimaa |
| 942 ## - ADDED ENTRY ELEMENTS (KOHA) | |
| Source of classification or shelving scheme | Dewey Decimal Classification |
| Koha item type | Thesis |
| Edition | 21 |
| Suppress in OPAC | No |
| Source of classification or shelving scheme | Home library | Current library | Date acquired | Inventory number | Full call number | Barcode | Date last seen | Effective from | Koha item type |
|---|---|---|---|---|---|---|---|---|---|
| Dewey Decimal Classification | المكتبة المركزبة الجديدة - جامعة القاهرة | قاعة الرسائل الجامعية - الدور الاول | 16.04.2026 | 93786 | Cai01.18.01.M.Sc.2025.Ma.D | 01010110093786000 | 16.04.2026 | 16.04.2026 | Thesis |